000 00765nam a22001817a 4500
005 20120209104154.0
020 _c35.00
_a
035 _aA-740997
037 _b
_adpl
082 _a170
100 _aमूर, जॉर्ज एडवर्ड
_941294
245 1 _aनीतिशास्त्र मीमांसा /
_cजॉर्ज एडवर्ड मूर
260 _aनई दिल्ली
_bहिंदी माध्यम कार्यान्वय
_c2000
270 _a
_b
_e
_k
300 _a285पृ.
_c22सेमी (सजिल्द)
942 _adpl
_cHN
_k
_2ddc
_h170
_mमूरजॉ
999 _c62353
_d62353